000 00373nam a2200145Ia 4500
008 210716s2003 xx 000 0 und d
020 _a8129700166
041 _aeng
082 _a001.432 ADOS
100 _aAdolph Steve;Bramble Paul.
245 _aPatterns for effective use cases.
250 _a1
260 _aNew Delhi
_bPearson Education
_c2003
300 _axxii,236
999 _c186129
_d186129